| 000 | 01322ncm a2200289 i 4500 | ||
|---|---|---|---|
| 001 | 174936 | ||
| 003 | ES-MaACL | ||
| 005 | 20230906215711.0 | ||
| 007 | qu | ||
| 008 | 100716r20061824sp ||| |||||||| | spa d | ||
| 020 | _a978-84-96813-04-5 | ||
| 080 | _a78 Arriaga, Juan Crisóstomo de | ||
| 100 | 1 |
_aArriaga, Juan Crisóstomo de. _9139120 |
|
| 245 | 1 | 0 |
_aObertura pastoral : _bpara orquesta [ _hMúsica impresa] / _cJuan Crisóstomo de Arriaga ; [textos, Joaquín Pérez de Arriaga]. |
| 260 |
_aMadrid : _bPolifemo, _c[2006] |
||
| 300 |
_a14 partes ([6, 36] p.), 1 partitura ([72] p.) ; _c21 x 28 cm. |
||
| 505 | 8 | _aContiene: Partichelas (ca. 1824) ; Partitura (1889) | |
| 534 | _pReprod. facs. del ms. original y de la copia ms. de las partes de 1824, conservadas en el Archivo Municipal de Bilbao ; y de la copia ms. de la partitura de 1889, conservada en la biblioteca del Real Conservatorio de Música y Declamación de Madrid (1/3464) | ||
| 546 | _aComentarios en castellano y euskera. | ||
| 600 | 1 | 4 |
_aArriaga, Juan Crisóstomo de. _9139120 |
| 650 | 4 |
_aMúsica- _vFacsímiles. _9139121 |
|
| 700 | 1 |
_aPérez de Arriaga, Joaquín. _9143236 |
|
| 710 | 2 |
_aSociedad Estatal de Conmemoraciones Culturales (España) _9134893 |
|
| 852 | 4 |
_aES-MaACL _j2280-F-17 |
|
| 942 | _2udc | ||
| 999 |
_c174936 _d174936 |
||